00412nam a2200157Ia 4500003000900000008004100009020001700050040001600067080001300083100002000096245005400116260004000170300001000210650001700220650001700237IN-BaIIA211028s9999 xx 000 0 eng d a81-7371-1240 cIIA Library a523bABH aAbhyankar, K. D 0aAstrophysics of the solar systemcK. D. Abhyankar aHyderabadbUniversities Pressc1999 a255p. aAstrophysics aSolar System